La Fiancee Promise

Guardado en:
Bibliografiske detaljer
Hovedforfatter: Kattan, Naím
Format: Bog
Sprog:Undetermined
Udgivet: Quebec, Canadá L´Arbre HMH 1983
Fag:
Tags: Tilføj Tag
Ingen Tags, Vær først til at tagge denne postø!

MARC

LEADER 00000nam a2200000Ia 4500
008 170316s9999 xx 000 0 und d
040 |a cru BVZT 
090 |a 818 K-1f 
100 |a Kattan, Naím 
245 |a La Fiancee Promise 
260 |a Quebec, Canadá 
260 |b L´Arbre HMH 
260 |c 1983 
300 |a 231 páginas 
650 |a LITERATURA CANADIENSE 
999 |c 6484  |d 6484 
942 |c 15 D  |h 818 K-1f  |2 z